[Event "Bialystok-ch"]
[Site "Bialystok"]
[Date "2015.??.??"]
[Round "1"]
[White "Cylwik, Zbigniew"]
[Black "Dolata, Marcin"]
[Result "1-0"]
[WhiteElo "1880"]
[BlackElo "1382"]
[PlyCount "47"]
[EventDate "2015.05.01"]
[EventType "swiss"]
[EventRounds "9"]
[EventCountry "POL"]
[SourceTitle "CBM 166 Extra"]
[Source "ChessBase"]
[SourceDate "2015.06.18"]
[SourceVersion "1"]
[SourceVersionDate "2015.06.18"]
[SourceQuality "1"]

1. d4 Nf6 2. c4 e6 3. a3 Be7 4. Nf3 0-0 5. Nc3 d5 6. Bg5 c6 7. e3 Nbd7 8. cxd5 exd5 9. Bd3 h6 10. Bh4 Qc7 11. Rc1 Qd8 12. 0-0 Ne4 13. Bxe7 Qxe7 14. Qc2 f5 15. b4 g5 16. Ne2 g4 17. Nd2 Re8 18. b5 Nxd2 19. Qxd2 Nb6 20. bxc6 bxc6 21. Rxc6 Qxa3 22. Rxh6 Bd7 23. e4 Qf8 24. Qg5+ 1-0

[Event "Bialystok-ch"]
[Site "Bialystok"]
[Date "2015.??.??"]
[Round "3"]
[White "Olhovik, Andrei"]
[Black "Cylwik, Zbigniew"]
[Result "1-0"]
[WhiteElo "2308"]
[BlackElo "1880"]
[PlyCount "61"]
[EventDate "2015.05.01"]
[EventType "swiss"]
[EventRounds "9"]
[EventCountry "POL"]
[SourceTitle "CBM 166 Extra"]
[Source "ChessBase"]
[SourceDate "2015.06.18"]
[SourceVersion "1"]
[SourceVersionDate "2015.06.18"]
[SourceQuality "1"]

1. d4 d5 2. c4 e6 3. Nc3 Nf6 4. cxd5 exd5 5. Bg5 a6 6. e3 Be7 7. Bd3 0-0 8. Qc2 h6 9. Bh4 Re8 10. Nf3 Ne4 11. Bxe7 Qxe7 12. 0-0 Nd7 13. Rae1 Nf8 14. Bxe4 dxe4 15. Nd2 f5 16. f3 exf3 17. Nxf3 Be6 18. Ne5 Rad8 19. Ne2 Bc8 20. Ng3 g6 21. e4 f4 22. Rxf4 Rxd4 23. Nf7 Kg7 24. Qc1 Ne6 25. Rf2 Ng5 26. Qc3 c5 27. Nxg5 hxg5 28. Ne2 Qxe4 29. Rd1 Red8 30. Nxd4 cxd4 31. Qc7+ 1-0

[Event "Bialystok Zamenhof Memorial"]
[Site "Bialystok"]
[Date "2013.12.28"]
[Round "5"]
[White "Galej, Jaroslaw"]
[Black "Cylwik, Zbigniew"]
[Result "0-1"]
[WhiteElo "1190"]
[BlackElo "1936"]
[PlyCount "78"]
[EventDate "2013.12.27"]
[EventType "swiss"]
[EventRounds "9"]
[EventCountry "POL"]
[SourceTitle "EXT 2016"]
[Source "ChessBase"]
[SourceDate "2015.10.08"]
[SourceVersion "1"]
[SourceVersionDate "2015.10.08"]
[SourceQuality "1"]

1. e4 c5 2. Nc3 Nc6 3. f4 e6 4. Nf3 d6 5. Bc4 a6 6. a3 Nf6 7. 0-0 Qc7 8. d3 Be7 9. Be3 0-0 10. Qe1 b5 11. Ba2 Bb7 12. f5 exf5 13. Bg5 fxe4 14. dxe4 c4 15. Qh4 Ne5 16. Nxe5 dxe5 17. Bxf6 Qb6+ 18. Kh1 Bxf6 19. Qg3 Rad8 20. h4 g6 21. b3 Bg7 22. bxc4 Rd4 23. Rab1 Bxe4 24. Nxe4 Rxe4 25. Qf2 Qxf2 26. Rxf2 Rxh4+ 27. Kg1 bxc4 28. Rb4 Rc8 29. g3 Rd4 30. c3 Rd3 31. Bxc4 Rxg3+ 32. Kf1 Rxc3 33. Bxf7+ Kh8 34. Rh4 g5 35. Re4 Rxa3 36. Rh2 h6 37. Rd2 Rf3+ 38. Rf2 Rxf2+ 39. Kxf2 Rf8 0-1

[Event "Bialystok Bieluczyk Memorial 5th"]
[Site "Bialystok"]
[Date "2013.??.??"]
[Round "6"]
[White "Cylwik, Zbigniew"]
[Black "Kondrusik, Aleksander"]
[Result "1-0"]
[WhiteElo "2002"]
[BlackElo "1559"]
[PlyCount "89"]
[EventDate "2013.06.29"]
[EventType "swiss"]
[EventRounds "9"]
[EventCountry "POL"]
[SourceTitle "CBM 155 Extra"]
[Source "ChessBase"]
[SourceDate "2013.08.26"]
[SourceVersion "1"]
[SourceVersionDate "2013.08.26"]
[SourceQuality "1"]

1. d4 Nf6 2. c4 e6 3. Nf3 d5 4. Bg5 Be7 5. Nc3 0-0 6. e3 b6 7. cxd5 Nxd5 8. Bxe7 Qxe7 9. Nxd5 exd5 10. Qc2 Be6 11. Bd3 g6 12. 0-0 c5 13. dxc5 bxc5 14. Rfc1 Rc8 15. Bf1 Qb7 16. b3 Nd7 17. Qb2 Rab8 18. Qa3 Qb6 19. h3 a5 20. Rd1 Qb4 21. Qc1 f6 22. Ne1 Qb6 23. Nd3 g5 24. Qd2 c4 25. bxc4 dxc4 26. Ne1 Ne5 27. Qd4 Qc7 28. f4 Rd8 29. Qe4 gxf4 30. exf4 Qb6+ 31. Kh2 Ng6 32. f5 Qc7+ 33. Kh1 Bf7 34. fxg6 hxg6 35. Rxd8+ Rxd8 36. Rc1 Bd5 37. Qg4 Kg7 38. Nf3 c3 39. Bd3 g5 40. Qf5 Qe7 41. Qh7+ Kf8 42. Qxe7+ Kxe7 43. Rxc3 Bxa2 44. Bc4 Rc8 45. Re3+ 1-0

[Event "Bialystok Zamenhof Memorial"]
[Site "Bialystok"]
[Date "2012.??.??"]
[Round "8"]
[White "Borawski, Jakub"]
[Black "Cylwik, Zbigniew"]
[Result "1-0"]
[WhiteElo "1952"]
[BlackElo "2010"]
[PlyCount "41"]
[EventDate "2012.12.27"]
[EventType "swiss"]
[EventRounds "9"]
[EventCountry "POL"]
[SourceTitle "CBM 152 Extra"]
[Source "ChessBase"]
[SourceDate "2013.02.25"]
[SourceVersion "1"]
[SourceVersionDate "2013.02.25"]
[SourceQuality "1"]

1. e4 c5 2. Nf3 e6 3. d4 cxd4 4. Nxd4 d6 5. Nc3 a6 6. Be2 Nf6 7. f4 Qc7 8. a4 b6 9. 0-0 Bb7 10. Bf3 Be7 11. Kh1 Nc6 12. e5 Nd7 13. exd6 Bxd6 14. Ndb5 axb5 15. Nxb5 Qb8 16. Qxd6 Qxd6 17. Nxd6+ Ke7 18. Nxb7 Nd4 19. Bd2 Nxf3 20. Rxf3 Ra7 21. Bb4+ 1-0

[Event "Bialystok Spring op-B"]
[Site "Bialystok"]
[Date "2010.05.09"]
[Round "9"]
[White "Smirnov, Aleksander"]
[Black "Cylwik, Zbigniew"]
[Result "1-0"]
[WhiteElo "2222"]
[BlackElo "1979"]
[PlyCount "79"]
[EventDate "2010.05.01"]
[EventType "swiss"]
[EventRounds "9"]
[EventCountry "POL"]
[SourceTitle "EXT 2012"]
[Source "ChessBase"]
[SourceDate "2011.11.24"]
[SourceVersion "1"]
[SourceVersionDate "2011.11.24"]
[SourceQuality "1"]

1. e4 c5 2. Nf3 e6 3. d3 Nc6 4. g3 d6 5. Bg2 Nf6 6. 0-0 Be7 7. Nc3 0-0 8. Re1 h6 9. e5 dxe5 10. Nxe5 Nxe5 11. Rxe5 a6 12. Re1 Ra7 13. Bf4 b6 14. Bb8 Rd7 15. Bc6 Rd4 16. Be5 Rd7 17. Bxd7 Qxd7 18. a3 Bb7 19. Ne4 Qc6 20. Bxf6 gxf6 21. f3 f5 22. Nd2 Bg5 23. Rf1 Be3+ 24. Kg2 Qd5 25. Nc4 Bg5 26. Nxb6 Qd8 27. Nc4 f4 28. Qe2 Bd5 29. Nd2 Qf6 30. h4 Bxh4 31. gxh4 Kh8 32. Rh1 Rg8+ 33. Kf1 Qxb2 34. Re1 Qxc2 35. Ne4 Qb3 36. Nf6 Rd8 37. Nxd5 Rxd5 38. Rg1 f6 39. Qxe6 Qxd3+ 40. Qe2 1-0

[Event "Bialystok Spring op-B"]
[Site "Bialystok"]
[Date "2010.05.01"]
[Round "1"]
[White "Cylwik, Zbigniew"]
[Black "Daciuk, Jaroslaw"]
[Result "1-0"]
[WhiteElo "1979"]
[BlackElo "1552"]
[PlyCount "74"]
[EventDate "2010.05.01"]
[EventType "swiss"]
[EventRounds "9"]
[EventCountry "POL"]
[SourceTitle "EXT 2012"]
[Source "ChessBase"]
[SourceDate "2011.11.24"]
[SourceVersion "1"]
[SourceVersionDate "2011.11.24"]
[SourceQuality "1"]

1. d4 d5 2. c4 e6 3. Nc3 Nf6 4. Bg5 Nbd7 5. cxd5 exd5 6. Nf3 Be7 7. e3 0-0 8. Bd3 Re8 9. 0-0 c6 10. Qc2 Nf8 11. Rab1 g6 12. b4 a6 13. a4 Ne6 14. Bh4 Ng7 15. b5 cxb5 16. axb5 a5 17. b6 Nf5 18. Bg5 Be6 19. Bxf6 Bxf6 20. Nb5 Rf8 21. Nc7 Rc8 22. Qa4 Rxc7 23. bxc7 Qxc7 24. Rfc1 Qd7 25. Qxd7 Bxd7 26. Rxb7 Be6 27. Ra7 Bd8 28. Ra8 Ne7 29. Bb5 f6 30. Nd2 Kf7 31. Nb3 h5 32. Nxa5 g5 33. Nb7 Bb6 34. Rxf8+ Kxf8 35. Ra1 Kg7 36. Nc5 Bf5 37. Bd7 Bxd7 1-0

[Event "Bialystok Zamenhof Memorial-A"]
[Site "Bialystok"]
[Date "2010.??.??"]
[Round "6"]
[White "Poswiatowski, Michal"]
[Black "Cylwik, Zbigniew"]
[Result "1-0"]
[WhiteElo "1939"]
[BlackElo "2008"]
[PlyCount "98"]
[EventDate "2010.12.27"]
[EventType "swiss"]
[EventRounds "9"]
[EventCountry "POL"]
[SourceTitle "CBM 140 Extra"]
[Source "ChessBase"]
[SourceDate "2011.03.01"]
[SourceVersion "1"]
[SourceVersionDate "2011.03.01"]
[SourceQuality "1"]

1. e4 c5 2. Nf3 e6 3. d4 cxd4 4. Nxd4 a6 5. Bd3 d6 6. 0-0 Nc6 7. Nb3 Nf6 8. Nc3 Be7 9. a4 0-0 10. f4 b6 11. Qe2 Qc7 12. Be3 Bb7 13. Rf3 g6 14. Raf1 Nb4 15. Qf2 Nd7 16. Rh3 Nxd3 17. cxd3 Nc5 18. Nxc5 dxc5 19. g4 f5 20. g5 Rad8 21. Bc1 fxe4 22. Qh4 h5 23. dxe4 Rf7 24. Rhf3 Bf8 25. Qh3 Qc8 26. R3f2 Bg7 27. e5 Bf8 28. Re2 c4 29. Be3 Bc5 30. Bxc5 Qxc5+ 31. Qe3 Qxe3+ 32. Rxe3 Rd2 33. Re2 Rxe2 34. Nxe2 Rd7 35. Nc3 Bc6 36. a5 b5 37. Rd1 Rxd1+ 38. Nxd1 Kf7 39. Kf2 Be4 40. Ke3 Bc2 41. Nc3 b4 42. Kd2 Bb3 43. Ne4 Ba4 44. Nd6+ Ke7 45. Nxc4 Kd7 46. Nb6+ Kc6 47. Nxa4 Kb5 48. b3 Kxa5 49. Kd3 Kb5 1-0

[Event "Bialystok Zamenhof Memorial-A"]
[Site "Bialystok"]
[Date "2010.??.??"]
[Round "8"]
[White "Suliborski, Jakub"]
[Black "Cylwik, Zbigniew"]
[Result "1/2-1/2"]
[WhiteElo "1903"]
[BlackElo "2008"]
[PlyCount "50"]
[EventDate "2010.12.27"]
[EventType "swiss"]
[EventRounds "9"]
[EventCountry "POL"]
[SourceTitle "CBM 140 Extra"]
[Source "ChessBase"]
[SourceDate "2011.03.01"]
[SourceVersion "1"]
[SourceVersionDate "2011.03.01"]
[SourceQuality "1"]

1. Nc3 d5 2. e4 d4 3. Nce2 c5 4. f4 Nc6 5. d3 e5 6. Nf3 Bd6 7. f5 Bd7 8. g4 h6 9. Ng3 Nf6 10. g5 hxg5 11. Nxg5 Qe7 12. Be2 0-0-0 13. h4 g6 14. Bg4 Nxg4 15. Qxg4 Rdg8 16. Qf3 f6 17. fxg6 fxg5 18. Bxg5 Qe6 19. h5 Be7 20. Bxe7 Nxe7 21. b3 Qg4 22. Qxg4 Bxg4 23. Kd2 Kd7 24. Raf1 Ke6 25. Rf2 Bxh5 1/2-1/2

[Event "Rowy Seniors-ch 15th"]
[Site "Rowy"]
[Date "2009.09.11"]
[Round "4"]
[White "Cylwik, Zbigniew"]
[Black "Zarow, Elzbieta"]
[Result "1-0"]
[WhiteElo "2017"]
[BlackElo "1523"]
[PlyCount "83"]
[EventDate "2009.09.08"]
[EventType "swiss"]
[EventRounds "9"]
[EventCountry "POL"]
[SourceTitle "EXT 2010"]
[Source "ChessBase"]
[SourceDate "2010.11.25"]
[SourceVersion "1"]
[SourceVersionDate "2010.11.25"]
[SourceQuality "1"]

1. d4 e6 2. Nf3 Nc6 3. c4 Bb4+ 4. Nbd2 d5 5. e3 Nf6 6. a3 Bxd2+ 7. Bxd2 Ne4 8. Rc1 0-0 9. Bd3 Nxd2 10. Qxd2 f5 11. 0-0 Qf6 12. b4 a6 13. Qb2 Ne7 14. cxd5 Nxd5 15. Ne5 c6 16. g3 Ne7 17. a4 Ng6 18. b5 Nxe5 19. dxe5 Qd8 20. Rfd1 Qb6 21. Bf1 Rd8 22. Rd6 Rxd6 23. exd6 Bd7 24. Qe5 a5 25. bxc6 bxc6 26. Bc4 Kh8 27. Bxe6 Re8 28. Qxf5 Bxe6 29. d7 Bxd7 30. Qxd7 Rg8 31. Qxc6 Qb2 32. Qc3 Qe2 33. Qxa5 Qb2 34. Qc3 Qb7 35. a5 h6 36. Qc6 Qb2 37. a6 Qa3 38. Kg2 Rd8 39. Rc2 Rd6 40. Qe8+ Kh7 41. Qe4+ Rg6 42. Rc6 1-0

[Event "POL-ch disabled"]
[Site "Rowy"]
[Date "2009.09.04"]
[Round "5.24"]
[White "Cylwik, Zbigniew"]
[Black "Kolcz, Jozef"]
[Result "1-0"]
[WhiteElo "2017"]
[BlackElo "1645"]
[PlyCount "51"]
[EventDate "2009.09.01"]
[EventType "swiss"]
[EventRounds "9"]
[EventCountry "POL"]
[SourceTitle "EXT 2023"]
[Source "ChessBase"]
[SourceDate "2022.10.05"]
[SourceVersion "1"]
[SourceVersionDate "2022.10.05"]
[SourceQuality "1"]

1. d4 g6 2. c4 d5 3. cxd5 Qxd5 4. Nc3 Qa5 5. e4 Bd7 6. Qb3 b6 7. Bc4 e6 8. d5 Nf6 9. dxe6 Bxe6 10. Bxe6 fxe6 11. Qxe6+ Be7 12. Bd2 Qb4 13. Nd5 Qd6 14. Nxf6+ Kf8 15. Qxd6 Bxd6 16. Bc3 Kf7 17. Nf3 h6 18. 0-0 Nc6 19. e5 Be7 20. Nd5 Rhd8 21. e6+ Kg8 22. Nxe7+ Nxe7 23. Bf6 Re8 24. Rad1 c6 25. Bxe7 Rxe7 26. Rfe1 1-0

[Event "Bialystok Bieluczyk Memorial-A 1st"]
[Site "Bialystok"]
[Date "2009.06.22"]
[Round "4"]
[White "Jablonski, Zenon"]
[Black "Cylwik, Zbigniew"]
[Result "1-0"]
[WhiteElo "2108"]
[BlackElo "2057"]
[PlyCount "45"]
[EventDate "2009.06.20"]
[EventType "tourn"]
[EventRounds "9"]
[EventCountry "POL"]
[SourceTitle "EXT 2010"]
[Source "ChessBase"]
[SourceDate "2010.11.25"]
[SourceVersion "1"]
[SourceVersionDate "2010.11.25"]
[SourceQuality "1"]

1. d4 d5 2. c4 e6 3. Nc3 c6 4. Nf3 dxc4 5. a4 Bb4 6. e4 Nf6 7. Qc2 Qa5 8. Bd2 b5 9. Be2 Qb6 10. 0-0 a5 11. e5 Nd5 12. axb5 Bxc3 13. bxc3 cxb5 14. Ng5 h6 15. Nxf7 0-0 16. Nxh6+ Kh8 17. Qg6 Qc7 18. f4 gxh6 19. Qxh6+ Kg8 20. Rf3 Rf7 21. Qg6+ Kf8 22. Rh3 Ke7 23. f5 1-0